| 000 -LEADER |
| fixed length control field |
00750nam a2200229Ia 4500 |
| 001 - CONTROL NUMBER |
| control field |
408 |
| 003 - CONTROL NUMBER IDENTIFIER |
| control field |
GE_BSU |
| 008 - FIXED-LENGTH DATA ELEMENTS--GENERAL INFORMATION |
| fixed length control field |
181216s||||||||xx |||||||||||||| ||und|| |
| 020 ## - INTERNATIONAL STANDARD BOOK NUMBER |
| International Standard Book Number |
9941027246 |
| 040 ## - CATALOGING SOURCE |
| Transcribing agency |
GE_BSU |
| 080 ## - UNIVERSAL DECIMAL CLASSIFICATION NUMBER |
| Universal Decimal Classification number |
321.353:821.512.161-94 |
| 100 ## - MAIN ENTRY--PERSONAL NAME |
| Personal name |
ნიკოლეიშვილი, ავთანდილ |
| 245 ## - TITLE STATEMENT |
| Title |
თურქული დღიურები |
| 245 ## - TITLE STATEMENT |
| Statement of responsibility, etc. |
რედ.:ამღლობელი ვახტანგ; დვალიშვილი ლუკა |
| 260 ## - PUBLICATION, DISTRIBUTION, ETC. |
| Place of publication, distribution, etc. |
ქუთაისი |
| 260 ## - PUBLICATION, DISTRIBUTION, ETC. |
| Name of publisher, distributor, etc. |
საგამომც. ცენტრი |
| 260 ## - PUBLICATION, DISTRIBUTION, ETC. |
| Date of publication, distribution, etc. |
2000 |
| 300 ## - PHYSICAL DESCRIPTION |
| Extent |
308 გვ. |
| 653 ## - INDEX TERM--UNCONTROLLED |
| Uncontrolled term |
თურქული დღიურები |
| 942 ## - ADDED ENTRY ELEMENTS (KOHA) |
| Koha item type |
წიგნი |